Football teams from LaLiga 2025-2026(Sudden Death)! - Statistics

General Stats
  • This quiz has been taken 412 times
  • The average score is 13 of 20
Answers on the Grid
Answers color-coded by a green-red scale on the quiz's grid according to % correct below.
Real Madrid
Barcelona
Athletic Club
Atlético de Madrid
Villareal
Betis
Celta
Osasuna
Rayo Vallecano
Mallorca
Real Sociedad
Valencia
Getafe
Oviedo
Alavés
Córdoba
Sevilla
Elche
Levante
Espanyol
Cádiz
Girona
Valladolid
Leganés
Granada
Almería
Las Palmas
Mirandés
Deportivo de la Coruña
Racing Santander
 
Answer Stats
Answer % Correct
Barcelona
79%
Atlético de Madrid
77%
Sevilla
76%
Real Sociedad
75%
Real Madrid
73%
Valencia
71%
Athletic Club
70%
Getafe
70%
Villareal
69%
Betis
68%
Girona
68%
Rayo Vallecano
65%
Espanyol
64%
Celta
62%
Mallorca
60%
Osasuna
60%
Levante
52%
Elche
49%
Oviedo
49%
Alavés
47%
No matching quizzes found
Score Distribution
Percent of People with Each Score
Percentile by Number Answered
Your Score History
You have not taken this quiz